000 01187nam a2200277Ia 4500
001 227.1-Rm SCH he (13465)
003 IT-MiSPE
008 171229s9999||||xx |||||||||||||| ||und||
040 _aIT-MiSPE
_cIT-MiSPE
041 _aITALIANO
100 _aHeinrich Schlier
240 _aDer Römerbrief
245 0 _aLa lettera ai Romani
_bTesto greco e traduzione
250 _a1a ed. (v)
260 _aBrescia
_bPaideia
_c1982
300 _a729 p.
_c23 cm
490 _aCommentario teologico del NT
_v6
501 _aEdizioni San Paolo srl - Piazza Soncino, 5 - 20092 CINISELLO BALSAMO (MI) (non commercial uses only) ® Copyright 2018
520 _aEmero Soffritti (ed. it.). Ed. bilingue
650 _aBIBBIA. NT. Lettera ai Romani
700 _aGiovanni Torti
_g(traduzione)
700 _aRoberto Favero
942 _cBK
957 _71
999 _a6503
_bNO
_g Copie: 1
_c339357
_d339357